[Event "2. Bundesliga Ost 2017/2018"]
[Site "alle Wien"]
[Date "2018.04.07"]
[Round "10"]
[Board "1"]
[White "Jankovic, Alojzije"]
[Black "Jovanovic, Dusan"]
[Result "1/2-1/2"]
[WhiteElo "2568"]
[BlackElo "2379"]
[PlyCount "29"]
[EventDate "2017.10.21"]
[EventType "team"]
[EventRounds "11"]
[EventCountry "AUT"]
[WhiteTeam "SK Advisory Invest Baden"]
[BlackTeam "SK Sparkasse Bad Voeslau"]

1. c4 e6 2. Nf3 Nf6 3. d4 Bb4+ 4. Nbd2 b6 5. a3 Bxd2+ 6. Bxd2 Bb7 7. Bf4 d6 8.
e3 Nbd7 9. Be2 a5 10. b3 Ne4 11. O-O O-O 12. h3 Nc3 13. Qc2 Nxe2+ 14. Qxe2 Qe7
15. Bh2  1/2-1/2

[Event "2. Bundesliga Ost 2017/2018"]
[Site "alle Wien"]
[Date "2018.04.07"]
[Round "10"]
[Board "2"]
[White "Juhasz, Kristof"]
[Black "Ly, Dominik"]
[Result "1-0"]
[WhiteElo "2404"]
[BlackElo "2286"]
[PlyCount "71"]
[EventDate "2017.10.21"]
[EventType "team"]
[EventRounds "11"]
[EventCountry "AUT"]
[WhiteTeam "SK Sparkasse Bad Voeslau"]
[BlackTeam "SK Advisory Invest Baden"]

1. c4 c5 2. Nf3 Nc6 3. e3 Nf6 4. Nc3 g6 5. d4 cxd4 6. exd4 d5 7. cxd5 Nxd5 8.
Qb3 Nxc3 9. Bc4 Nd5 10. Bxd5 e6 11. Bxc6+ bxc6 12. O-O f6 13. Be3 Qd5 14. Nd2
Be7 15. Rfc1 Kf7 16. Qc2 Bd7 17. Ne4 Rhb8 18. Nc5 Be8 19. Rd1 a5 20. b3 Bd6 21.
Rac1 Ra7 22. f3 Qh5 23. h3 Re7 24. Qf2 Rb5 25. Ne4 Ba3 26. Rc4 Rd5 27. Ra4 Bb4
28. h4 Rd8 29. Nxf6 Kxf6 30. Bg5+ Kf7 31. g4 Qxg5 32. hxg5 c5 33. Rxb4 cxb4 34.
d5 Rxd5 35. Rxd5 exd5 36. Qc5  1-0

[Event "2. Bundesliga Ost 2017/2018"]
[Site "alle Wien"]
[Date "2018.04.07"]
[Round "10"]
[Board "3"]
[White "Dzierzenga, Stefan"]
[Black "Plachetka, Jan"]
[Result "1-0"]
[WhiteElo "2191"]
[BlackElo "2314"]
[PlyCount "55"]
[EventDate "2017.10.21"]
[EventType "team"]
[EventRounds "11"]
[EventCountry "AUT"]
[WhiteTeam "SK Advisory Invest Baden"]
[BlackTeam "SK Sparkasse Bad Voeslau"]

1. e4 c5 2. Nf3 e6 3. d4 cxd4 4. Nxd4 Nc6 5. Nc3 a6 6. Be3 Nf6 7. Bd3 d6 8. O-O
Be7 9. a4 O-O 10. f4 Qc7 11. Qf3 Bd7 12. Nxc6 bxc6 13. g4 d5 14. g5 dxe4 15.
Nxe4 Nxe4 16. Bxe4 Rab8 17. Bd4 f5 18. Bd3 Bd6 19. Bc4 Kh8 20. Rae1 c5 21. Bc3
Bc6 22. Qh5 Bxf4 23. Rxe6 Rbd8 24. Qh4 Bd2 25. g6 h6 26. Re7 Qxe7 27. Qxe7 Bxc3
28. bxc3  1-0

[Event "2. Bundesliga Ost 2017/2018"]
[Site "alle Wien"]
[Date "2018.04.07"]
[Round "10"]
[Board "4"]
[White "Wilke, Werner"]
[Black "Zojer, Stefan"]
[Result "1-0"]
[WhiteElo "2248"]
[BlackElo "2128"]
[PlyCount "69"]
[EventDate "2017.10.21"]
[EventType "team"]
[EventRounds "11"]
[EventCountry "AUT"]
[WhiteTeam "SK Sparkasse Bad Voeslau"]
[BlackTeam "SK Advisory Invest Baden"]

1. e4 e5 2. Nf3 Nc6 3. Bc4 Bc5 4. c3 Nf6 5. d4 exd4 6. e5 d5 7. Bb5 Ne4 8. cxd4
Be7 9. Nc3 O-O 10. Be3 Bf5 11. O-O Nb4 12. Ne1 a6 13. Be2 c5 14. dxc5 Nxc3 15.
bxc3 Nc6 16. Bd3 Be6 17. Bd4 Qa5 18. Nf3 g6 19. Nd2 Qc7 20. f4 f6 21. Qe2 fxe5
22. fxe5 Na5 23. Qe3 Rac8 24. Rxf8+ Bxf8 25. Nf3 Bxc5 26. Ng5 Bxd4 27. cxd4 Qc3
28. Re1 Rc6 29. h4 b5 30. Kh2 Nc4 31. Qg3 Qxd4 32. Nxh7 Bf5 33. Bxf5 Kxh7 34.
Bd7 Nd2 35. Bxc6  1-0

[Event "2. Bundesliga Ost 2017/2018"]
[Site "alle Wien"]
[Date "2018.04.07"]
[Round "10"]
[Board "5"]
[White "Hofegger, Jakob"]
[Black "Miazhynski, Yuri"]
[Result "0-1"]
[WhiteElo "2117"]
[BlackElo "2156"]
[PlyCount "132"]
[EventDate "2017.10.21"]
[EventType "team"]
[EventRounds "11"]
[EventCountry "AUT"]
[WhiteTeam "SK Advisory Invest Baden"]
[BlackTeam "SK Sparkasse Bad Voeslau"]

1. Nf3 c5 2. g3 Nf6 3. Bg2 g6 4. O-O Bg7 5. Re1 Nc6 6. d3 O-O 7. Nbd2 Rb8 8. e4
d6 9. a4 Bg4 10. h3 Bxf3 11. Nxf3 Nd7 12. c3 a6 13. Be3 b5 14. axb5 axb5 15.
Qd2 Na5 16. Qc2 c4 17. d4 Nb3 18. Ra2 Ra8 19. Rxa8 Qxa8 20. e5 d5 21. e6 fxe6
22. Bg5 e5 23. Nxe5 Nxe5 24. dxe5 e6 25. h4 Qa7 26. Be3 Qf7 27. Bh3 Ra8 28. Qe2
Bf8 29. Qg4 Ra6 30. h5 Be7 31. hxg6 hxg6 32. Bg5 Kg7 33. Bxe7 Qxe7 34. Re3 Nd2
35. Qf4 Qf7 36. Qg4 Qf5 37. Qxf5 gxf5 38. g4 f4 39. Re2 Ra1+ 40. Kh2 Ne4 41. g5
Nxg5 42. Bg4 b4 43. cxb4 Ra4 44. b3 cxb3 45. Rb2 Rxb4 46. Bd1 Nf7 47. Rxb3 Rxb3
48. Bxb3 Nxe5 49. Kg2 Kf6 50. Kf1 f3 51. Ke1 Kg5 52. Ba4 Kf4 53. Kd2 Ng4 54.
Bd7 e5 55. Ke1 e4 56. Kf1 d4 57. Bb5 e3 58. fxe3+ dxe3 59. Ba6 Kg3 60. Bb5 Nh2+
61. Ke1 f2+ 62. Kd1 f1=Q+ 63. Bxf1 Nxf1 64. Ke2 Kf4 65. Kxf1 Kf3 66. Ke1 e2  0-1

[Event "2. Bundesliga Ost 2017/2018"]
[Site "alle Wien"]
[Date "2018.04.07"]
[Round "10"]
[Board "6"]
[White "Juhasz, Agoston"]
[Black "Varga, Johannes"]
[Result "1-0"]
[WhiteElo "2132"]
[BlackElo "1876"]
[PlyCount "67"]
[EventDate "2017.10.21"]
[EventType "team"]
[EventRounds "11"]
[EventCountry "AUT"]
[WhiteTeam "SK Sparkasse Bad Voeslau"]
[BlackTeam "SK Advisory Invest Baden"]

1. e4 e6 2. d4 d5 3. Bd3 Nf6 4. e5 Nfd7 5. Nf3 c5 6. c3 Nc6 7. O-O cxd4 8. cxd4
f6 9. exf6 Nxf6 10. Nc3 Bd6 11. Re1 O-O 12. a3 Qe8 13. h3 Qh5 14. Bc2 Bd7 15.
Nb5 Bb8 16. Qd3 e5 17. dxe5 Nxe5 18. Nxe5 Bxe5 19. Bd1 Bxb5 20. Qxb5 Qe8 21.
Qf1 Qb8 22. Bf3 Qd6 23. Qb5 Rae8 24. Bg5 Ne4 25. Bxe4 dxe4 26. Qxb7 Rf7 27. Qb3
Rb8 28. Qc4 Bxb2 29. Rad1 Qxa3 30. Rd7 Rbf8 31. Rxf7 Rxf7 32. Rxe4 Qa1+ 33. Kh2
Be5+ 34. Bf4  1-0

[Event "2. Bundesliga Ost 2017/2018"]
[Site "alle Wien"]
[Date "2018.04.07"]
[Round "10"]
[Board "1"]
[White "Pacher, Milan"]
[Black "Galyas, Miklos"]
[Result "1/2-1/2"]
[WhiteElo "2433"]
[BlackElo "2506"]
[PlyCount "62"]
[EventDate "2017.10.21"]
[EventType "team"]
[EventRounds "11"]
[EventCountry "AUT"]
[WhiteTeam "SK Austria"]
[BlackTeam "ASVOE Pamhagen 2"]

1. d4 d5 2. c4 c6 3. Nf3 Nf6 4. Nc3 a6 5. e3 Bf5 6. Be2 h6 7. Bd3 Bxd3 8. Qxd3
e6 9. O-O Bb4 10. Bd2 O-O 11. Rfd1 Ba5 12. a4 Nbd7 13. b4 Bc7 14. a5 Re8 15.
Na4 e5 16. dxe5 Nxe5 17. Nxe5 Bxe5 18. Bc3 Qc7 19. h3 Rad8 20. Bxe5 Qxe5 21.
Nc5 Qe7 22. Rac1 Ne4 23. cxd5 Rxd5 24. Qxe4 Qxe4 25. Nxe4 Rxe4 26. Rxd5 cxd5
27. Rc8+ Kh7 28. Rc7 Rxb4 29. Rxf7 d4 30. exd4 Rxd4 31. Rxb7 Ra4  1/2-1/2

[Event "2. Bundesliga Ost 2017/2018"]
[Site "alle Wien"]
[Date "2018.04.07"]
[Round "10"]
[Board "2"]
[White "Lipka, Juraj"]
[Black "Mazur, Stefan"]
[Result "1-0"]
[WhiteElo "2416"]
[BlackElo "2444"]
[PlyCount "55"]
[EventDate "2017.10.21"]
[EventType "team"]
[EventRounds "11"]
[EventCountry "AUT"]
[WhiteTeam "ASVOE Pamhagen 2"]
[BlackTeam "SK Austria"]

1. Nf3 Nf6 2. g3 g6 3. Bg2 Bg7 4. O-O O-O 5. d4 d6 6. Re1 Nbd7 7. e4 e5 8. dxe5
dxe5 9. Nbd2 b6 10. b3 Qe7 11. a4 Ba6 12. Ba3 c5 13. Bf1 Bb7 14. a5 Rad8 15.
axb6 axb6 16. Bb2 Nb8 17. Bxe5 Nxe4 18. Bxg7 Kxg7 19. Ra7 f5 20. Qa1+ Rf6 21.
Nxe4 fxe4 22. Qe5 Rd7 23. Bb5 Rc7 24. Rxe4 Qxe5 25. Nxe5 Re6 26. Re3 Ree7 27.
Nc4 Rxe3 28. fxe3  1-0

[Event "2. Bundesliga Ost 2017/2018"]
[Site "alle Wien"]
[Date "2018.04.07"]
[Round "10"]
[Board "4"]
[White "Alvir, Aco"]
[Black "Macko, Miroslav"]
[Result "1/2-1/2"]
[WhiteElo "2337"]
[BlackElo "2245"]
[PlyCount "63"]
[EventDate "2017.10.21"]
[EventType "team"]
[EventRounds "11"]
[EventCountry "AUT"]
[WhiteTeam "ASVOE Pamhagen 2"]
[BlackTeam "SK Austria"]

1. e4 c5 2. Nf3 Nc6 3. Nc3 g6 4. d4 cxd4 5. Nxd4 Bg7 6. Nde2 d6 7. g3 Nf6 8.
Bg2 O-O 9. O-O Bd7 10. h3 Rc8 11. Nd5 Nxd5 12. exd5 Na5 13. Re1 Re8 14. c3 b5
15. Nf4 Nc4 16. Nd3 a5 17. a3 Bf5 18. Re2 Qd7 19. Kh2 h5 20. Ne1 a4 21. Nf3 Na5
22. Be3 Nb3 23. Ra2 Qc7 24. Re1 Be4 25. Nd2 Bxg2 26. Kxg2 Na5 27. Qf3 Nc4 28.
Nxc4 bxc4 29. Raa1 Rb8 30. Re2 Bf6 31. Rae1 Rb5 32. Bc1  1/2-1/2

[Event "2. Bundesliga Ost 2017/2018"]
[Site "alle Wien"]
[Date "2018.04.07"]
[Round "10"]
[Board "5"]
[White "Druckenthaner, Andreas"]
[Black "Franzen, Jozef"]
[Result "1-0"]
[WhiteElo "2277"]
[BlackElo "2267"]
[PlyCount "67"]
[EventDate "2017.10.21"]
[EventType "team"]
[EventRounds "11"]
[EventCountry "AUT"]
[WhiteTeam "SK Austria"]
[BlackTeam "ASVOE Pamhagen 2"]

1. e4 g6 2. d4 Bg7 3. Nf3 d6 4. Bc4 c6 5. Bb3 d5 6. Nbd2 Bg4 7. h3 Bxf3 8. Qxf3
e6 9. c3 Nd7 10. O-O Ne7 11. Re1 O-O 12. Nf1 dxe4 13. Qxe4 Nf6 14. Qf3 Nfd5 15.
Ng3 Qc7 16. c4 Nb6 17. Bf4 Qd7 18. Rad1 Rad8 19. Bg5 f6 20. Bd2 Rde8 21. Ne4
Nf5 22. Bc3 Kh8 23. a4 Qc7 24. Nc5 e5 25. dxe5 fxe5 26. Qg4 Qf7 27. a5 Nd6 28.
Re2 Nbc8 29. Ne4 Nf5 30. Ng5 Qc7 31. c5 Nd4 32. Bxd4 exd4 33. Rxe8 Rxe8 34.
Nf7+  1-0

[Event "2. Bundesliga Ost 2017/2018"]
[Site "alle Wien"]
[Date "2018.04.07"]
[Round "10"]
[Board "6"]
[White "Lovrinovic, Christian"]
[Black "Wiedermann, Franz"]
[Result "0-1"]
[WhiteElo "2142"]
[BlackElo "2111"]
[PlyCount "76"]
[EventDate "2017.10.21"]
[EventType "team"]
[EventRounds "11"]
[EventCountry "AUT"]
[WhiteTeam "ASVOE Pamhagen 2"]
[BlackTeam "SK Austria"]

1. d4 f5 2. Nf3 Nf6 3. g3 g6 4. Bg2 Bg7 5. O-O O-O 6. b3 d6 7. Bb2 Na6 8. c4
Qe8 9. Qc2 c5 10. e3 Rb8 11. Nbd2 b5 12. a3 bxc4 13. bxc4 Bd7 14. Bc3 cxd4 15.
exd4 Bc6 16. Rfe1 Ne4 17. Nxe4 Bxe4 18. Qd2 Qc6 19. Nh4 Qxc4 20. Bxe4 fxe4 21.
Rac1 d5 22. Ba1 Qb3 23. Qa5 Qb5 24. Qd2 Qa4 25. Qg5 Qd7 26. Kg2 Bf6 27. Qh6 Rb3
28. Nxg6 hxg6 29. Qxg6+ Bg7 30. Qxa6 Qf5 31. Qe2 Rxa3 32. Rc3 Rxa1 33. Rxa1
Bxd4 34. Rca3 Qxf2+ 35. Qxf2 Rxf2+ 36. Kh3 Bxa1 37. Rxa1 e3 38. Rxa7 Kf7  0-1

[Event "2. Bundesliga Ost 2017/2018"]
[Site "alle Wien"]
[Date "2018.04.07"]
[Round "10"]
[Board "1"]
[White "Burlacu, Bogdan"]
[Black "Pinter, Erik"]
[Result "1/2-1/2"]
[WhiteElo "2293"]
[BlackElo "2362"]
[PlyCount "123"]
[EventDate "2017.10.21"]
[EventType "team"]
[EventRounds "11"]
[EventCountry "AUT"]
[WhiteTeam "SK Mostarrichi"]
[BlackTeam "Blackburne Nickelsdorf"]

1. e4 c5 2. Nf3 d6 3. Bb5+ Nd7 4. O-O Ngf6 5. Re1 g6 6. c3 a6 7. Bf1 Bg7 8. d4
O-O 9. e5 Ne8 10. exd6 Nxd6 11. Bg5 Re8 12. Qb3 h6 13. Bf4 g5 14. dxc5 Nxc5 15.
Qb4 gxf4 16. Qxc5 Bf5 17. Rd1 Bc2 18. Re1 Bg6 19. Na3 a5 20. Rad1 Rc8 21. Qd5
Qb6 22. Qb3 Qc7 23. Ne5 Bxe5 24. Rxe5 Ne4 25. Rb5 Red8 26. Rbd5 Rxd5 27. Qxd5
Qb6 28. Qd4 Qxb2 29. Nc4 Qxc3 30. Qxc3 Nxc3 31. Rd7 b5 32. Nxa5 e6 33. Rd2 Ne4
34. Rb2 Rc1 35. Nb3 Rd1 36. f3 Nc3 37. Kf2 b4 38. Nd2 Nb1 39. Nxb1 Rxb1 40. Rd2
Rc1 41. Rd4 Rb1 42. Rxf4 e5 43. Rf6 Rb2+ 44. Kg3 Bb1 45. Bc4 Bxa2 46. Bxa2 Rxa2
47. Rxh6 b3 48. Rb6 Rb2 49. h4 Kg7 50. Kg4 Rb1 51. h5 b2 52. h6+ Kh7 53. Kg5
Rh1 54. Rxb2 Rxh6 55. Kf5 f6 56. Rb7+ Kg8 57. Rb6 Kg7 58. Rb7+ Kg8 59. g4 Rh3
60. Kxf6 Rxf3+ 61. Kxe5 Rf8 62. g5  1/2-1/2

[Event "2. Bundesliga Ost 2017/2018"]
[Site "alle Wien"]
[Date "2018.04.07"]
[Round "10"]
[Board "2"]
[White "Schwarhofer, Christopher"]
[Black "Hofmann, Thomas"]
[Result "1-0"]
[WhiteElo "2370"]
[BlackElo "2304"]
[PlyCount "91"]
[EventDate "2017.10.21"]
[EventType "team"]
[EventRounds "11"]
[EventCountry "AUT"]
[WhiteTeam "Blackburne Nickelsdorf"]
[BlackTeam "SK Mostarrichi"]

1. e4 c5 2. Nc3 e6 3. d3 a6 4. g3 b5 5. Bg2 Bb7 6. f4 d6 7. Nf3 Nc6 8. O-O Nd4
9. Be3 Qb6 10. Ne2 Nxe2+ 11. Qxe2 d5 12. exd5 Bxd5 13. c4 bxc4 14. dxc4 Be4 15.
Ng5 Bxg2 16. Qxg2 Rc8 17. f5 e5 18. Qd5 Qc7 19. Bf4 Nf6 20. Qxe5+ Qxe5 21. Bxe5
Be7 22. Rae1 O-O 23. Ne4 Rfd8 24. Nxf6+ Bxf6 25. Bxf6 gxf6 26. Rd1 a5 27. Kf2
a4 28. Rxd8+ Rxd8 29. Ke2 Rb8 30. Rb1 Kg7 31. b3 Kh6 32. h4 Re8+ 33. Kf3 Rd8
34. b4 cxb4 35. Rxb4 Rd3+ 36. Ke4 Rxg3 37. Rxa4 Rg4+ 38. Kd5 Rf4 39. Rb4 Kh5
40. Rb2 Rxf5+ 41. Kd6 Rf4 42. Rc2 Rd4+ 43. Ke7 f5 44. c5 f4 45. c6 Re4+ 46. Kf8
 1-0

[Event "2. Bundesliga Ost 2017/2018"]
[Site "alle Wien"]
[Date "2018.04.07"]
[Round "10"]
[Board "3"]
[White "Ehs, Dominik"]
[Black "Lendwai, Reinhard"]
[Result "1/2-1/2"]
[WhiteElo "2082"]
[BlackElo "2389"]
[PlyCount "81"]
[EventDate "2017.10.21"]
[EventType "team"]
[EventRounds "11"]
[EventCountry "AUT"]
[WhiteTeam "SK Mostarrichi"]
[BlackTeam "Blackburne Nickelsdorf"]

1. e4 c5 2. Nf3 d6 3. d4 cxd4 4. Nxd4 Nf6 5. Nc3 a6 6. Be2 e5 7. Nb3 Be7 8. O-O
O-O 9. f4 b5 10. Bf3 Nbd7 11. Nd5 Nxd5 12. exd5 Bb7 13. Qe1 f5 14. fxe5 dxe5
15. d6 Bh4 16. g3 Bxf3 17. Rxf3 Bg5 18. Qf2 g6 19. Bxg5 Qxg5 20. Nc5 Nxc5 21.
Qxc5 e4 22. Qd5+ Kh8 23. Rc3 Rad8 24. Rd1 Qf6 25. d7 g5 26. Rc6 Qg7 27. Re6
Qxb2 28. Qd6 Kg8 29. Re7 Qf6 30. Qd5+ Kh8 31. Re6 Qc3 32. Re7 e3 33. Qd4+ Qxd4
34. Rxd4 f4 35. Rde4 Kg8 36. R4e5 h6 37. R5e6 f3 38. Rg6+ Kh8 39. Rxh6+ Kg8 40.
Rg6+ Kh8 41. Rh6+  1/2-1/2

[Event "2. Bundesliga Ost 2017/2018"]
[Site "alle Wien"]
[Date "2018.04.07"]
[Round "10"]
[Board "4"]
[White "Vlcek, Stanislav"]
[Black "Steiner, Heinz"]
[Result "1-0"]
[WhiteElo "2258"]
[BlackElo "2141"]
[PlyCount "71"]
[EventDate "2017.10.21"]
[EventType "team"]
[EventRounds "11"]
[EventCountry "AUT"]
[WhiteTeam "Blackburne Nickelsdorf"]
[BlackTeam "SK Mostarrichi"]

1. e4 c5 2. Nf3 e6 3. d3 Nc6 4. g3 g6 5. Bg2 Bg7 6. O-O Nge7 7. c3 d6 8. Be3
Qc7 9. Na3 a6 10. d4 b6 11. Nc4 cxd4 12. cxd4 b5 13. Ncd2 O-O 14. Rc1 Qd7 15.
Nb3 Rb8 16. Qd2 Bb7 17. Bf4 f6 18. Bh3 f5 19. d5 exd5 20. exf5 Ne5 21. Bxe5
dxe5 22. Nc5 Qd6 23. Ne6 gxf5 24. Nxf8 Rxf8 25. Qa5 d4 26. Qc7 Qxc7 27. Rxc7
Bxf3 28. Rxe7 d3 29. Rd7 e4 30. Rc1 Bxb2 31. Rc5 Ba3 32. Rcc7 Bb2 33. Rc5 b4
34. Bxf5 Bc3 35. Be6+ Kh8 36. Rcc7  1-0

[Event "2. Bundesliga Ost 2017/2018"]
[Site "alle Wien"]
[Date "2018.04.07"]
[Round "10"]
[Board "5"]
[White "Rechberger, Franz"]
[Black "Kuntner, Reinhard"]
[Result "1-0"]
[WhiteElo "2141"]
[BlackElo "2055"]
[PlyCount "77"]
[EventDate "2017.10.21"]
[EventType "team"]
[EventRounds "11"]
[EventCountry "AUT"]
[WhiteTeam "SK Mostarrichi"]
[BlackTeam "Blackburne Nickelsdorf"]

1. d4 d5 2. c4 dxc4 3. Nf3 Nf6 4. Nc3 a6 5. a4 e6 6. e3 c5 7. Bxc4 Nc6 8. O-O
Be7 9. Qe2 O-O 10. Rd1 Qc7 11. dxc5 Bxc5 12. Bd2 Qe7 13. Rac1 h6 14. Ba2 Bd7
15. Qc4 Rac8 16. Ne4 Nxe4 17. Qxe4 a5 18. Bc3 Bb4 19. Bxb4 Nxb4 20. Bb1 g6 21.
Rxc8 Bxc8 22. Qf4 Rd8 23. Rc1 Qd7 24. h4 Qxa4 25. Ne5 Qe8 26. Qf6 Nd5 27. Qf3
Kg7 28. h5 g5 29. e4 Nf6 30. Rc7 Bd7 31. Qc3 Kg8 32. Bc2 b5 33. Nc6 Rc8 34.
Qxf6 Bxc6 35. Rxc8 Qxc8 36. Qxh6 Qd8 37. e5 Qd2 38. Bh7+ Kh8 39. Bg6+  1-0

[Event "2. Bundesliga Ost 2017/2018"]
[Site "alle Wien"]
[Date "2018.04.07"]
[Round "10"]
[Board "6"]
[White "Gratze, Michael"]
[Black "Ly, Daniel"]
[Result "1-0"]
[WhiteElo "1968"]
[BlackElo "2041"]
[PlyCount "53"]
[EventDate "2017.10.21"]
[EventType "team"]
[EventRounds "11"]
[EventCountry "AUT"]
[WhiteTeam "Blackburne Nickelsdorf"]
[BlackTeam "SK Mostarrichi"]

1. e4 c5 2. Nf3 d6 3. d4 cxd4 4. Nxd4 Nf6 5. Nc3 a6 6. h3 e5 7. Nde2 Be6 8. g4
h6 9. Bg2 Nc6 10. Be3 b5 11. Ng3 Rc8 12. O-O b4 13. Nd5 Bxd5 14. exd5 Na5 15.
b3 Nb7 16. a3 bxa3 17. Rxa3 a5 18. f4 Be7 19. Nf5 O-O 20. g5 hxg5 21. fxg5 Ne8
22. Qh5 g6 23. Nh6+ Kg7 24. Qh4 Rxc2 25. Be4 Re2 26. Nxf7 Rxf7 27. Qh6+  1-0

[Event "2. Bundesliga Ost 2017/2018"]
[Site "alle Wien"]
[Date "2018.04.07"]
[Round "10"]
[Board "1"]
[White "Lizak, Peter"]
[Black "Stanec, Nikolaus"]
[Result "1/2-1/2"]
[WhiteElo "2451"]
[BlackElo "2470"]
[PlyCount "30"]
[EventDate "2017.10.21"]
[EventType "team"]
[EventRounds "11"]
[EventCountry "AUT"]
[WhiteTeam "SC Data Technology Pressbaum/E."]
[BlackTeam "SC Donaustadt"]

1. c4 e5 2. g3 Nf6 3. Bg2 d6 4. Nc3 g6 5. e4 Bg7 6. Nge2 c5 7. O-O Nc6 8. d3
O-O 9. f4 exf4 10. gxf4 Bg4 11. Be3 Nh5 12. Qd2 Bxe2 13. Nxe2 Rb8 14. Rad1 Nf6
15. Bf3 Re8  1/2-1/2

[Event "2. Bundesliga Ost 2017/2018"]
[Site "alle Wien"]
[Date "2018.04.07"]
[Round "10"]
[Board "2"]
[White "Kummer, Helmut"]
[Black "Videki, Sandor"]
[Result "1-0"]
[WhiteElo "2285"]
[BlackElo "2416"]
[PlyCount "63"]
[EventDate "2017.10.21"]
[EventType "team"]
[EventRounds "11"]
[EventCountry "AUT"]
[WhiteTeam "SC Donaustadt"]
[BlackTeam "SC Data Technology Pressbaum/E."]

1. d4 d6 2. e4 Nf6 3. Bd3 e5 4. Ne2 exd4 5. Nxd4 g6 6. O-O Bg7 7. c3 O-O 8. Bg5
Nbd7 9. f4 c6 10. Nd2 Qc7 11. Bc2 a6 12. Qe1 Re8 13. Qh4 b5 14. f5 c5 15. fxg6
fxg6 16. Bb3+ c4 17. Bc2 Nh5 18. Nf5 Ne5 19. Nf3 gxf5 20. Qxh5 Bb7 21. Nxe5
Rxe5 22. exf5 Rae8 23. Qg4 Qc5+ 24. Kh1 Re2 25. f6 Bxg2+ 26. Qxg2 Rxg2 27. f7+
Kf8 28. fxe8=Q+ Kxe8 29. Rae1+ Kd7 30. Rf7+ Kc6 31. Be4+ Kb6 32. Bd8+  1-0

[Event "2. Bundesliga Ost 2017/2018"]
[Site "alle Wien"]
[Date "2018.04.07"]
[Round "10"]
[Board "3"]
[White "Rumpl, Erwin"]
[Black "Schwab, Lukas"]
[Result "1-0"]
[WhiteElo "2267"]
[BlackElo "2196"]
[PlyCount "93"]
[EventDate "2017.10.21"]
[EventType "team"]
[EventRounds "11"]
[EventCountry "AUT"]
[WhiteTeam "SC Data Technology Pressbaum/E."]
[BlackTeam "SC Donaustadt"]

1. Nf3 d5 2. g3 c6 3. Bg2 Nf6 4. O-O Bf5 5. b3 Nbd7 6. Bb2 e6 7. d3 h6 8. Nbd2
Qb6 9. e3 Bh7 10. Qe2 Be7 11. e4 O-O 12. e5 Ne8 13. h4 Nc7 14. Nh2 Rae8 15. Kh1
f5 16. f4 Kh8 17. h5 Rg8 18. Rg1 Ref8 19. Bf3 g5 20. hxg6 Rxg6 21. Rg2 Rfg8 22.
Nhf1 Nb5 23. c3 Nc7 24. a4 a5 25. Qf2 Bc5 26. d4 Bf8 27. Rh2 Qa7 28. Bh5 R6g7
29. Be2 Rf7 30. Ba3 Bxa3 31. Rxa3 Kg7 32. Ra1 Rh8 33. Nf3 Nf8 34. Ne3 Bg6 35.
Rg1 Ne8 36. Bd3 Kg8 37. g4 fxg4 38. Rxg4 Rg7 39. Bxg6 Rxg6 40. Rxg6+ Nxg6 41.
Rg2 Kf7 42. f5 Ne7 43. Nh4 Qa6 44. f6 Ng8 45. Qc2 Ngxf6 46. exf6 Kxf6 47. Qf2+
 1-0

[Event "2. Bundesliga Ost 2017/2018"]
[Site "alle Wien"]
[Date "2018.04.07"]
[Round "10"]
[Board "4"]
[White "Schwab, Rene"]
[Black "Neumeier, Klaus"]
[Result "1/2-1/2"]
[WhiteElo "2139"]
[BlackElo "2302"]
[PlyCount "72"]
[EventDate "2017.10.21"]
[EventType "team"]
[EventRounds "11"]
[EventCountry "AUT"]
[WhiteTeam "SC Donaustadt"]
[BlackTeam "SC Data Technology Pressbaum/E."]

1. d4 Nf6 2. c4 c5 3. dxc5 g6 4. Nc3 Qa5 5. f3 Qxc5 6. e4 Bg7 7. Bd2 O-O 8. Qc1
d6 9. Be3 Qb4 10. Bd2 Qc5 11. Be3 Qc7 12. Qd2 Nc6 13. Rc1 Be6 14. b3 Rfc8 15.
Bd3 Ne5 16. Nge2 Nxd3+ 17. Qxd3 Nd7 18. Qd2 a6 19. O-O Qa5 20. f4 Nf6 21. h3 b5
22. f5 Bd7 23. fxg6 hxg6 24. e5 dxe5 25. Rxf6 exf6 26. Qxd7 bxc4 27. Na4 Rd8
28. Bb6 Qd2 29. Qg4 Rd3 30. Nac3 cxb3 31. axb3 f5 32. Qc4 e4 33. Rd1 Qc2 34.
Rc1 Qd2 35. Rd1 Qc2 36. Rc1 Qd2  1/2-1/2

[Event "2. Bundesliga Ost 2017/2018"]
[Site "alle Wien"]
[Date "2018.04.07"]
[Round "10"]
[Board "5"]
[White "Hechl, Gerald"]
[Black "Hofbauer, Peter"]
[Result "1-0"]
[WhiteElo "2325"]
[BlackElo "2046"]
[PlyCount "69"]
[EventDate "2017.10.21"]
[EventType "team"]
[EventRounds "11"]
[EventCountry "AUT"]
[WhiteTeam "SC Data Technology Pressbaum/E."]
[BlackTeam "SC Donaustadt"]

1. c4 Nf6 2. Nc3 e6 3. e4 d6 4. d4 Nbd7 5. Nf3 e5 6. g3 Be7 7. Bg2 O-O 8. O-O
exd4 9. Nxd4 Ne5 10. b3 Bg4 11. Qc2 Qd7 12. f4 Nc6 13. Nxc6 bxc6 14. f5 Rae8
15. h3 Bh5 16. g4 Bxg4 17. hxg4 Nxg4 18. Bh3 Ne5 19. Qg2 Bf6 20. Bh6 Qd8 21.
Bxg7 Bxg7 22. f6 Ng6 23. fxg7 Kxg7 24. Rf5 Kh8 25. Qg5 f6 26. Qh6 d5 27. Rh5
Rf7 28. Kh1 Nf8 29. cxd5 Qd6 30. Rg1 Qc5 31. Rg3 cxd5 32. Rxd5 Qb4 33. Bf5 c6
34. Rd2 Qb8 35. Rdg2  1-0

[Event "2. Bundesliga Ost 2017/2018"]
[Site "alle Wien"]
[Date "2018.04.07"]
[Round "10"]
[Board "6"]
[White "Cabala, Nathan"]
[Black "Weissenbeck, Manuel"]
[Result "0-1"]
[WhiteElo "1988"]
[BlackElo "2268"]
[PlyCount "80"]
[EventDate "2017.10.21"]
[EventType "team"]
[EventRounds "11"]
[EventCountry "AUT"]
[WhiteTeam "SC Donaustadt"]
[BlackTeam "SC Data Technology Pressbaum/E."]

1. e4 c5 2. Nf3 d6 3. d4 cxd4 4. Nxd4 Nf6 5. Nc3 a6 6. a4 e5 7. Nb3 Be6 8. Bg5
Be7 9. Be2 O-O 10. O-O Nbd7 11. Qd2 Rc8 12. f3 Bxb3 13. cxb3 Qb6+ 14. Kh1 Qxb3
15. Rfd1 Rfd8 16. Rac1 Nc5 17. Bxf6 Bxf6 18. Nd5 Nxa4 19. Nxf6+ gxf6 20. Qh6
Qe6 21. b3 Nc3 22. Bc4 Rxc4 23. bxc4 Nxd1 24. Rxd1 Rc8 25. Rb1 Qxc4 26. h3 b5
27. Qxf6 Qe6 28. Qg5+ Kf8 29. Ra1 Ra8 30. Qc1 Rc8 31. Qe3 Rc6 32. Qa7 Qc8 33.
Qe3 Ke8 34. Qg5 b4 35. Qg8+ Ke7 36. Qg5+ Kf8 37. Qh6+ Ke8 38. Qxh7 Rc1+ 39.
Rxc1 Qxc1+ 40. Kh2 Qf4+  0-1